| 000 | 00535nam a2200205Ia 4500 | ||
|---|---|---|---|
| 003 | BUBTL | ||
| 008 | 151213s9999 xx 000 0 und d | ||
| 082 | _a658.802/ C8558s/ 1997 | ||
| 100 | _aD. W. Cravens | ||
| 245 |
_aStrategic Marketing: _cD. W. Cravens |
||
| 250 | _a5th | ||
| 260 |
_aLondon _bIrwin _cc1997 |
||
| 300 |
_a[xviii],670p. : _c23.5cm. |
||
| 500 | _aIncludes Index. | ||
| 650 | _aMarketing | ||
| 700 |
_aD. W. Cravens _94346 |
||
| 856 |
_k0 _l0 _yDownload |
||
| 942 |
_2ddc _cBK |
||
| 999 |
_c1845 _d1845 |
||